Word Ladder: Pittsburgh Quiz Stats

 Plays Quiz Updated Jul 6, 2017

Support Sporcle.
Go Orange.
Score 0/36 Timer 04:00
0 Plays Today
Hint 4-Letter Word % Correct
A spoiled childBRAT
94%
* 'Night of the Living ___' was filmed in Pittsburgh **DEAD*
92.7%
All-male Greek organization on campusFRAT
90.3%
DifficultHARD
89.8%
Women's undergarmentsBRAS
89.1%
To worryFRET
88.3%
Popular American make of automobilesFORD
88.1%
There are three of these in a yardFEET
87.9%
A document that shows ownership of a houseDEED
87.6%
Element that Pb stands forLEAD
86.8%
To injure someoneHURT
85%
To put a large amount in a car or on a shipLOAD
84.4%
A document explaining the wishes of the deceasedWILL
84.3%
Side of a roomWALL
84.2%
How dogs breathe in the heatPANT
84.1%
* Steelers WR and Super Bowl XL MVP, Hines ___ **WARD*
82.8%
A medieval nobleLORD
82.8%
A chemical compound used to repel mosquitosDEET
82.6%
Hint 4-Letter Word % Correct
The outside part of a shipHULL
80.9%
* City is built on the site of ___ Duquesne **FORT*
80.7%
___ and voidNULL
80.4%
Nintendo racing series 'Mario ___ 'KART
79.6%
To throw a ball HURL
78.6%
* 1960 World Series hero, ___ Mazeroski **BILL*
78.2%
A piece of something biggerPART
76.6%
* Hometown gold medalist and WWE star, ___ Angle **KURT*
76.4%
* Steelers coach who won 4 Super Bowls: Chuck ____ **NOLL*
74.3%
Old-fashioned term for a male deerHART
73.8%
Built up, like feelingsPENT
73.7%
German philosopher ImmanuelKANT
72.5%
* Nickname for the hockey team **PENS*
72.1%
* The ___ of Pittsburgh is the 21st largest in the nation **PORT*
71.8%
Part of cotton attacked by a weevilBOLL
67.7%
An article for saleWARE
61.1%
* World Famous Primanti ___ Sandwiches * *BROS.*
60.1%
Ridged texture, like corduroyWALE
59.3%

Today's Daily Dose

You're not logged in!

Compare scores with friends on all Sporcle quizzes.
OR
Log In
Forgot?

From the Vault

'Inside Out' Emotions

by eyeslikedaisies

"We didn't die today. I call this day an unqualified success."
Remove Ads.
Support Sporcle.
Get the best of Sporcle when you Go Orange. This ad-free experience offers more features, more stats, and more fun while also helping to support Sporcle. Thank you for becoming a member.

Show Comments

Extras

Top Quizzes Today


Score Distribution

Your Account Isn't Verified!

In order to create a playlist on Sporcle, you need to verify the email address you used during registration. Go to your Sporcle Settings to finish the process.

Report this User

Report this user for behavior that violates our Community Guidelines.

Details: